A darkling plain / Philip Reeve.
Available copies
- 1 of 1 copy available at LARL/NWRL Consortium.
- 1 of 1 copy available at Lake Agassiz Regional Library. (Show preferred library)
Current holds
0 current holds with 1 total copy.
Show Only Available Copies
| Location | Call Number / Copy Notes | Barcode | Shelving Location | Status | Due Date |
|---|---|---|---|---|---|
| Crookston Public Library | Y REE (Text) | 33500014013031 | Main | Available | - |
Record details
- ISBN: 9780545222143
- ISBN: 0545222141
- ISBN: 9781338201154
- ISBN: 1338201158
- Physical Description: 532 pages ; 20 cm.
- Publisher: New York : Scholastic, 2012, ©2006.
Content descriptions
| Summary, etc.: | While dealing with people from their past and ... Read More |
Search for related items by subject
| Subject: | Fathers and daughters > Juvenile fiction. Battles > Juvenile fiction. England > Juvenile fiction. |
| Genre: | Young adult fiction. Science fiction. Young adult fiction. |
Search for related items by series
| LDR | 03068cam a2200745 a 4500 | ||
|---|---|---|---|
| 001 | 77758 | ||
| 003 | LARL_NWRL_CONSORTIUM | ||
| 005 | 20240618172002.0 | ||
| 008 | 120529t20122006nyu d 000 1 eng d | ||
| 010 | . | ‡a 2012286555 | |
| 040 | . | ‡aGAP ‡beng ‡cGAP ‡dAZT ‡dYDXCP ‡dOCLCO ‡dIHI ‡dDLC ‡dOCLCF ‡dOCLCO ‡dOCLCQ ‡dVP@ ‡dDIBIB ‡dOCLCO ‡dOCL ‡dOCLCO ‡dGO3 ‡dOCLCO ‡dLTP ‡dCHILD ‡dJH2 ‡dJBO ‡dLKC ‡dGD8 ‡dJYX ‡dLMJ ‡dOCL ‡dOCLCO ‡dOCLCL ‡dOCLCQ ‡dOCLCL | |
| 019 | . | ‡a1045066959 | |
| 020 | . | ‡a9780545222143 ‡q(pbk.) | |
| 020 | . | ‡a0545222141 ‡q(pbk.) | |
| 020 | . | ‡a9781338201154 | |
| 020 | . | ‡a1338201158 | |
| 035 | . | ‡a(OCoLC)794415493 ‡z(OCoLC)1045066959 | |
| 043 | . | ‡ae-uk-en | |
| 082 | 0 | 4. | ‡a[Fic] ‡223 |
| 100 | 1 | . | ‡aReeve, Philip. ‡0(LARL_NWRL_CONSORTIUM)122543 |
| 245 | 1 | 2. | ‡aA darkling plain / ‡cPhilip Reeve. |
| 260 | . | ‡aNew York : ‡bScholastic, ‡c2012, ©2006. | |
| 300 | . | ‡a532 pages ; ‡c20 cm. | |
| 336 | . | ‡atext ‡btxt ‡2rdacontent | |
| 337 | . | ‡aunmediated ‡bn ‡2rdamedia | |
| 338 | . | ‡avolume ‡bnc ‡2rdacarrier | |
| 490 | 0 | . | ‡aMortal engines ; ‡v4 |
| 520 | . | ‡aWhile dealing with people from their past and treachery from unexpected sources, Tom, Hester, and Wren return to save the world. | |
| 650 | 0. | ‡aFathers and daughters ‡vJuvenile fiction. ‡0(LARL_NWRL_CONSORTIUM)165010 | |
| 650 | 0. | ‡aBattles ‡vJuvenile fiction. | |
| 651 | 0. | ‡aEngland ‡vJuvenile fiction. ‡0(LARL_NWRL_CONSORTIUM)168416 | |
| 655 | 0. | ‡aYoung adult fiction. | |
| 655 | 1. | ‡aScience fiction. | |
| 655 | 1. | ‡aYoung adult fiction. | |
| 758 | . | ‡ihas work: ‡aA darkling plain (Text) ‡1https://id.oclc.org/worldcat/entity/E39PCFCbVDtHwVJTFpjc9vqHfq ‡4https://id.oclc.org/worldcat/ontology/hasWork | |
| 901 | . | ‡a77758 ‡bOCoLC ‡c77758 ‡tbiblio | |

Add to basket
Permalink
Disable Highlighting